| 000 | 00343nam a22001457a 4500 | ||
|---|---|---|---|
| 020 | _a9788123904122 | ||
| 082 | _a670.42 CHA | ||
| 100 |
_aChapman, W. A. J. _910212 |
||
| 245 | _aWorkshop technology, part 3 | ||
| 250 | _a3rd | ||
| 260 |
_aIndia _bCBS _c1995 |
||
| 300 | _a675 P | ||
| 650 |
_aWorkshop Technology Part 3 _969583 |
||
| 942 | _cBK | ||
| 999 |
_c576807 _d576807 |
||